000 00509nam a22001697a 4500
082 _aP-477(A)
_bP-477(A)
100 _aQaisar Nadeem, Syndicate No 16
_948228
245 _aLight.weight/prefab steel structures for earthquake areas.... Economic prespective
_cQaisar Nadeem, Rameez Sohail
260 _c2010
300 _a247 P, :
526 _a0
_b0
_c0
_dP_477A_P477A
526 _a0
_b0
_c0
_dP_477B
526 _a0
_b0
_c0
_dP_477C
650 _aProject
700 _aMansoor Khalid
_948229
942 _2ddc
_cBK
999 _c551231
_d551231